[Event "11. Lichtenberger Sommer"]
[Site "Berlin"]
[Date "2012.08.19"]
[Round "2.11"]
[White "Brüdigam, Martin"]
[Black "Breitwieser, Jasmin"]
[Result "1-0"]
[WhiteElo "2292"]
[BlackElo "1938"]
[PlyCount "41"]
[EventDate "2012.??.??"]
[WhiteTeam "USV Potsdam e.V., Abt. Schach"]
[BlackTeam "Sfr. Frankfurt 1921"]

1. e4 c5 2. Nf3 e6 3. c3 Nf6 4. e5 Nd5 5. d4 cxd4 6. cxd4 b6 7. Nc3 Nxc3 8.
bxc3 Bb7 9. Bd3 Be7 10. O-O Qc7 11. Bb2 Nc6 12. Rc1 d6 13. c4 O-O 14. Re1 Rad8
15. d5 Nxe5 16. Nxe5 dxe5 17. Bxe5 Qd7 18. Bxh7+ Kxh7 19. Qh5+ Kg8 20. Bxg7
Kxg7 21. Rc3 1-0

[Event "11. Lichtenberger Sommer"]
[Site "Berlin"]
[Date "2012.08.19"]
[Round "2.12"]
[White "Konrad, Erhard"]
[Black "Dauth, Benjamin"]
[Result "0-1"]
[WhiteElo "1956"]
[BlackElo "2322"]
[PlyCount "142"]
[EventDate "2012.??.??"]
[WhiteTeam "SG Lasker Steglitz-Wilmersdorf"]
[BlackTeam "SC Rotation Pankow e.V."]

1. Nf3 c5 2. g3 Nc6 3. Bg2 g6 4. O-O Bg7 5. d3 d5 6. Nbd2 e5 7. e4 d4 8. a4 Be6
9. Nc4 h5 10. Ng5 Bxc4 11. dxc4 h4 12. f4 hxg3 13. hxg3 Bf6 14. Nf3 Qd7 15.
fxe5 Bxe5 16. Nxe5 Nxe5 17. Bf4 Ng4 18. e5 O-O-O 19. Re1 Qf5 20. Qd3 Ne7 21.
Qe4 Qxe4 22. Bxe4 Rh7 23. Bf3 Nh6 24. Bg5 Re8 25. g4 Nc6 26. Bf4 Nd8 27. Kg2
Ne6 28. Bd2 Reh8 29. Rh1 Ng8 30. Rxh7 Rxh7 31. Rh1 Rxh1 32. Kxh1 Ne7 33. b4 Nc6
34. Bxc6 bxc6 35. b5 cxb5 36. cxb5 c4 37. Bb4 d3 38. cxd3 cxd3 39. Kg1 Nc5 40.
Kf2 Nxa4 41. Ke3 Nb2 42. Kd4 Kc7 43. Ba5+ Kd7 44. Bc3 Ke6 45. Be1 Na4 46. Bb4
Nb6 47. Kxd3 Kxe5 48. g5 Kd5 49. Be7 Nc8 50. Bd8 Kc5 51. Ke4 Nd6+ 52. Ke5 Ne8
53. Be7+ Kxb5 54. Kd5 a5 55. Kd4 Kc6 56. Kc4 Nd6+ 57. Kb3 Kd7 58. Bf8 Ne4 59.
Bh6 Kc6 60. Kc4 Nd2+ 61. Kd3 Nb3 62. Kc3 Nc5 63. Kc4 Ne6 64. Kb3 Kb5 65. Ka3 a4
66. Kb2 Kb4 67. Kc2 a3 68. Kb1 Ka4 69. Ka2 Kb4 70. Ka1 Kb3 71. Kb1 a2+ 0-1

[Event "11. Lichtenberger Sommer"]
[Site "Berlin"]
[Date "2012.08.19"]
[Round "2.13"]
[White "Poseck, Steffen"]
[Black "Glantz, Robert"]
[Result "0-1"]
[WhiteElo "2076"]
[BlackElo "2282"]
[PlyCount "68"]
[EventDate "2012.??.??"]
[WhiteTeam "BSV 63 Chemie Weißensee"]
[BlackTeam "SC Kreuzberg e.V."]

1. d4 Nf6 2. Nf3 e6 3. e3 b6 4. Bd3 Bb7 5. O-O Be7 6. Nbd2 c5 7. b3 O-O 8. Bb2
Nc6 9. a3 Rc8 10. Qe2 Qc7 11. Rac1 d5 12. Ne5 Nxe5 13. dxe5 Ne4 14. Nxe4 dxe4
15. Bc4 Rfd8 16. Rcd1 Bf8 17. Qg4 g6 18. f4 exf3 19. gxf3 Bg7 20. Qg3 Rd7 21.
Bb5 Bc6 22. Bxc6 Qxc6 23. Rxd7 Qxd7 24. Bc3 c4 25. Bd4 cxb3 26. cxb3 Qb5 27.
Rb1 Rc2 28. Qe1 Bxe5 29. Bxe5 Qxe5 30. f4 Qe4 31. Qg3 Re2 32. Re1 Ra2 33. h4 h5
34. a4 Rb2 0-1

[Event "11. Lichtenberger Sommer"]
[Site "Berlin"]
[Date "2012.08.19"]
[Round "2.14"]
[White "Costello, Colin"]
[Black "Boetzer, Detlef"]
[Result "0-1"]
[WhiteElo "1956"]
[BlackElo "2277"]
[PlyCount "120"]
[EventDate "2012.??.??"]
[WhiteTeam "SC Weisse Dame e.V."]
[BlackTeam "SC Rotation Pankow e.V."]

1. c4 Nf6 2. g3 e6 3. Bg2 c5 4. Nf3 Be7 5. Nc3 O-O 6. O-O a6 7. d4 cxd4 8. Nxd4
Qc7 9. Qd3 d6 10. b3 Nbd7 11. Bb2 Ne5 12. Qd2 Re8 13. Rac1 Bd7 14. Rfd1 Rad8
15. e4 Qb8 16. Qe2 Bf8 17. Kh1 Ng6 18. Nf3 b5 19. cxb5 axb5 20. b4 Rc8 21. a3
Rc4 22. Nd2 Rc7 23. f4 h5 24. Nf3 Rec8 25. e5 dxe5 26. Nxe5 Nxe5 27. fxe5 Ng4
28. h3 Nh6 29. Kh2 Nf5 30. Ne4 Rxc1 31. Bxc1 h4 32. Bf4 hxg3+ 33. Nxg3 Nxg3 34.
Bxg3 Bc6 35. Rc1 Bxg2 36. Rxc8 Qxc8 37. Kxg2 Qc6+ 38. Kh2 Qc3 39. Qxb5 Qxa3 40.
Qb8 Qxb4 41. Qxb4 Bxb4 42. Kg2 Kh7 43. Kf3 Kg6 44. Ke4 Bc3 45. Bf2 f6 46. Bg3
Bxe5 47. Bxe5 fxe5 48. Kxe5 Kf7 49. Kf4 Kf6 50. Ke4 g5 51. Ke3 Kf5 52. Kf3 e5
53. Kg3 e4 54. Kg2 Kf4 55. Kf2 e3+ 56. Ke2 Ke4 57. Ke1 Kf3 58. Kf1 e2+ 59. Ke1
Ke3 60. h4 g4 0-1

[Event "11. Lichtenberger Sommer"]
[Site "Berlin"]
[Date "2012.08.19"]
[Round "2.15"]
[White "Siebarth, Raiko"]
[Black "Barwich, Alfred"]
[Result "1-0"]
[WhiteElo "2240"]
[BlackElo "2011"]
[PlyCount "71"]
[EventDate "2012.??.??"]
[WhiteTeam "SG Blau-Weiß Stadtilm"]
[BlackTeam "SV Berolina Mitte e.V."]

1. e4 c6 2. Nc3 d5 3. f4 dxe4 4. Nxe4 Nd7 5. Qe2 Ndf6 6. Nf2 e6 7. Nf3 Nd5 8.
g3 Ngf6 9. Bg2 Bd6 10. O-O O-O 11. b3 a5 12. c4 Nb6 13. d4 Be7 14. Bb2 a4 15.
Nd3 axb3 16. axb3 Rxa1 17. Bxa1 Nbd7 18. Kh1 Qa5 19. Nd2 Bd8 20. Bb2 Qc7 21.
Ba3 Re8 22. g4 Nf8 23. g5 N6d7 24. Be4 Be7 25. Bb2 Ng6 26. h4 b6 27. h5 Nh4 28.
Nf3 Nxf3 29. Qxf3 c5 30. d5 Nf8 31. h6 gxh6 32. Ne5 Ng6 33. Ng4 hxg5 34. Nh6+
Kf8 35. fxg5 Bxg5 36. Qxf7+ 1-0

[Event "11. Lichtenberger Sommer"]
[Site "Berlin"]
[Date "2012.08.19"]
[Round "2.16"]
[White "Peschke, Uwe"]
[Black "Vogel, Robert"]
[Result "1/2-1/2"]
[WhiteElo "2054"]
[BlackElo "2258"]
[PlyCount "47"]
[EventDate "2012.??.??"]
[WhiteTeam "SC Empor Potsdam 1952 e.V."]
[BlackTeam "SGem Pang/Rosenheim"]

1. Nf3 g6 2. d4 Bg7 3. g3 Nf6 4. Bg2 c5 5. O-O O-O 6. c4 d5 7. cxd5 Na6 8. Nc3
Nxd5 9. Nxd5 Qxd5 10. dxc5 Qxd1 11. Rxd1 Nxc5 12. Bg5 Re8 13. Rac1 Ne6 14. Be3
Bxb2 15. Rb1 Bg7 16. Ne1 Nd8 17. Nd3 Bg4 18. Nc5 Bxe2 19. Rd2 Bg4 20. Nxb7 Bf5
21. Rbd1 Ne6 22. Nc5 Rac8 23. Nxe6 Bxe6 24. Bxa7 1/2-1/2

[Event "11. Lichtenberger Sommer"]
[Site "Berlin"]
[Date "2012.08.19"]
[Round "2.17"]
[White "Kurz, Christian"]
[Black "Witte, Ronald"]
[Result "1/2-1/2"]
[WhiteElo "2200"]
[BlackElo "2034"]
[PlyCount "100"]
[EventDate "2012.??.??"]
[WhiteTeam "SC Bechhofen 1923 e.V."]
[BlackTeam "BSV 63 Chemie Weißensee"]

1. e4 c5 2. Nf3 d6 3. d4 cxd4 4. Nxd4 Nf6 5. Nc3 a6 6. Bg5 e6 7. f4 Be7 8. Qf3
Qc7 9. O-O-O Nbd7 10. Bd3 h6 11. Bh4 O-O 12. g4 Nc5 13. g5 Nh7 14. gxh6 Bxh4
15. hxg7 Re8 16. Qh5 e5 17. Qxh4 exd4 18. Nd5 Qd8 19. Qh6 Be6 20. Rhg1 Bxd5 21.
exd5 Nxd3+ 22. Rxd3 Qf6 23. Rh3 Qxh6 24. Rxh6 Re2 25. Rg3 Rc8 26. c3 dxc3 27.
bxc3 Rxa2 28. Rxd6 Rxh2 29. Rb6 Re8 30. Rd3 Re1+ 31. Rd1 Rxd1+ 32. Kxd1 Kxg7
33. Rxb7 Rf2 34. d6 Nf6 35. d7 Nxd7 36. Rxd7 Rxf4 37. Ra7 Ra4 38. Kc2 Kf6 39.
Kb3 Ra1 40. c4 Ke6 41. c5 f5 42. Kc4 f4 43. Ra8 f3 44. Rf8 Rf1 45. Kd4 a5 46.
Ra8 Ra1 47. Ra6+ Kd7 48. Rf6 Rf1 49. Kc3 Rc1+ 50. Kd4 Rf1 1/2-1/2

[Event "11. Lichtenberger Sommer"]
[Site "Berlin"]
[Date "2012.08.19"]
[Round "2.18"]
[White "Fischer, Daniel"]
[Black "Rietze, Clemens"]
[Result "1/2-1/2"]
[WhiteElo "2114"]
[BlackElo "2280"]
[PlyCount "50"]
[EventDate "2012.??.??"]
[WhiteTeam "SK Oberkirch"]
[BlackTeam "USV Potsdam e.V., Abt. Schach"]

1. c4 e5 2. g3 Nc6 3. Nc3 g6 4. Bg2 Bg7 5. Nf3 Nge7 6. O-O O-O 7. d3 d6 8. Rb1
a5 9. a3 h6 10. b4 axb4 11. axb4 Be6 12. b5 Na5 13. Bb2 Qd7 14. Re1 f5 15. Nd2
Ra7 16. Nb3 c6 17. Ra1 Rfa8 18. Rxa5 Rxa5 19. Nxa5 Rxa5 20. Qb3 d5 21. Qb4 Ra8
22. Ba3 Bf8 23. Na4 Qd8 24. Nc5 Bc8 25. Qb3 g5 1/2-1/2

[Event "11. Lichtenberger Sommer"]
[Site "Berlin"]
[Date "2012.08.19"]
[Round "2.20"]
[White "Eichler, Jan-Christoph"]
[Black "Giemsa, Stephan"]
[Result "0-1"]
[WhiteElo "2095"]
[BlackElo "2261"]
[PlyCount "42"]
[EventDate "2012.??.??"]
[WhiteTeam "Schachclub Oranienburg e.V."]
[BlackTeam "SK König Tegel 1949 e.V."]

1. d4 Nf6 2. c4 g6 3. Nc3 d5 4. cxd5 Nxd5 5. e4 Nxc3 6. bxc3 Bg7 7. Bc4 c5 8.
Ne2 Nc6 9. Be3 O-O 10. O-O e6 11. Qd2 Qa5 12. dxc5 Rd8 13. Qb2 Ne5 14. Qb5 Nxc4
15. Qxc4 b6 16. Qb3 Ba6 17. Rfe1 bxc5 18. Rac1 Rab8 19. Qc2 Bd3 20. Qd1 Bxe4
21. Bd2 Qxa2 0-1

[Event "11. Lichtenberger Sommer"]
[Site "Berlin"]
[Date "2012.08.19"]
[Round "2.21"]
[White "Kapp, Martin"]
[Black "Kupfer, Michael"]
[Result "1-0"]
[WhiteElo "2215"]
[BlackElo "2021"]
[PlyCount "63"]
[EventDate "2012.??.??"]
[WhiteTeam "TSV IFA Chemnitz"]
[BlackTeam "SC Friesen Lichtenberg e.V."]

1. d4 d5 2. c4 e6 3. Nf3 c5 4. cxd5 exd5 5. Nc3 Nc6 6. g3 Nf6 7. Bg2 Be7 8. O-O
O-O 9. Bg5 c4 10. Ne5 Be6 11. Nxc6 bxc6 12. Qd2 h6 13. Bf4 Bb4 14. a3 Ba5 15.
Rad1 Nh5 16. e4 Nxf4 17. Qxf4 Bxc3 18. bxc3 Qa5 19. Qd6 Qxc3 20. Qxc6 Rac8 21.
Qa6 Rfd8 22. Qxa7 Ra8 23. Qb7 Qxa3 24. exd5 Bg4 25. Rc1 Rab8 26. Qc7 Be2 27.
Rfe1 Bd3 28. Qc5 Qb2 29. d6 Qb6 30. Bc6 Qxc5 31. dxc5 Rbc8 32. d7 1-0

[Event "11. Lichtenberger Sommer"]
[Site "Berlin"]
[Date "2012.08.19"]
[Round "2.22"]
[White "Heerde, Thomas"]
[Black "Sieglen, Joachim"]
[Result "1-0"]
[WhiteElo "1969"]
[BlackElo "2281"]
[PlyCount "57"]
[EventDate "2012.??.??"]
[WhiteTeam "SC Weisse Dame e.V."]
[BlackTeam "SC Untergrombach 46"]

1. Nf3 Nf6 2. g3 d5 3. Bg2 e6 4. O-O c5 5. b3 Nc6 6. Bb2 Be7 7. d4 O-O 8. Nbd2
cxd4 9. Nxd4 Bd6 10. Nxc6 bxc6 11. e4 e5 12. exd5 cxd5 13. c4 Bg4 14. Qe1 Rc8
15. cxd5 Bb4 16. a3 Ba5 17. b4 Bc7 18. Bxe5 Bb6 19. Bxf6 Qxf6 20. Ne4 Qg6 21.
Rc1 Rce8 22. Rc6 Qf5 23. Qb1 Be2 24. Nf6+ Qxf6 25. Rxf6 Bxf1 26. Rxb6 Bxg2 27.
Rb7 Bxd5 28. Rxa7 Be4 29. Qd1 1-0

[Event "11. Lichtenberger Sommer"]
[Site "Berlin"]
[Date "2012.08.19"]
[Round "2.23"]
[White "Lorenz, Sascha"]
[Black "Schmidt, Jürgen"]
[Result "1-0"]
[WhiteElo "2258"]
[BlackElo "2055"]
[PlyCount "67"]
[EventDate "2012.??.??"]
[WhiteTeam "SK König Tegel 1949 e.V."]
[BlackTeam "SC Kreuzberg e.V."]

1. c4 e5 2. g3 Nf6 3. Bg2 Be7 4. Nc3 O-O 5. Nf3 Nc6 6. O-O d6 7. d3 Rb8 8. Bd2
a6 9. Ne1 Bd7 10. a4 Qc8 11. Nd5 Bh3 12. Rc1 Bxg2 13. Kxg2 Bd8 14. Nxf6+ Bxf6
15. b4 Qg4 16. h3 Qg6 17. b5 Nd4 18. e3 Ne6 19. Kh2 Be7 20. f4 exf4 21. gxf4 f5
22. Rg1 Qh6 23. d4 Rf6 24. Nf3 Rg6 25. Rxg6 hxg6 26. Qc2 Rf8 27. Rg1 g5 28.
fxg5 Bxg5 29. d5 Bxe3 30. Bxe3 Qxe3 31. Qg2 Qf4+ 32. Kh1 Ng5 33. Nxg5 Qxc4 34.
Ne6 1-0

[Event "11. Lichtenberger Sommer"]
[Site "Berlin"]
[Date "2012.08.19"]
[Round "2.24"]
[White "Kutzner, Stephen"]
[Black "Kohler, Thomas"]
[Result "0-1"]
[WhiteElo "2036"]
[BlackElo "2249"]
[PlyCount "55"]
[EventDate "2012.??.??"]
[WhiteTeam "Godesberger Schachklub 1929 e.V."]
[BlackTeam "SC Zitadelle Spandau 1977 e.V."]

1. e4 e5 2. Nf3 Nc6 3. Bb5 a6 4. Bxc6 dxc6 5. d4 exd4 6. Qxd4 Qxd4 7. Nxd4 Bd7
8. Be3 O-O-O 9. Nd2 Re8 10. O-O-O Ne7 11. Nf1 f5 12. e5 Nd5 13. f4 g5 14. g3
gxf4 15. gxf4 Bh6 16. Ne2 Rhg8 17. c4 Nxe3 18. Nxe3 Rxe5 19. fxe5 Bxe3+ 20. Kb1
f4 21. Rhf1 Rf8 22. Nd4 Bh3 23. Rf3 Bg4 24. Rdf1 Bxf3 25. Nxf3 Kd7 26. Kc2 Ke6
27. Kd3 Kf5 28. Ke2 0-1

[Event "11. Lichtenberger Sommer"]
[Site "Berlin"]
[Date "2012.08.19"]
[Round "2.28"]
[White "Hohn, August"]
[Black "Reichenbach, Werner"]
[Result "0-1"]
[WhiteElo "2004"]
[BlackElo "2283"]
[PlyCount "48"]
[EventDate "2012.??.??"]
[WhiteTeam "SC Zugzwang 95 e.V."]
[BlackTeam "Schachclub Oberkrämer"]

1. Nf3 d6 2. g3 g6 3. Bg2 Bg7 4. d4 Nf6 5. O-O O-O 6. c4 Nc6 7. b3 e5 8. dxe5
dxe5 9. Nc3 e4 10. Ne1 Ng4 11. Bb2 e3 12. Qxd8 Rxd8 13. fxe3 Nxe3 14. Rf3 Re8
15. Na4 Bxb2 16. Nxb2 Nd4 17. Rf2 Ng4 18. Rf1 Nxe2+ 19. Kh1 c6 20. Bf3 h5 21.
Ng2 Nd4 22. Rae1 Bf5 23. Kg1 Rad8 24. h3 Ne5 0-1

[Event "11. Lichtenberger Sommer"]
[Site "Berlin"]
[Date "2012.08.19"]
[Round "2.29"]
[White "Hermannsdörfer, Frank"]
[Black "Schmidek, Emil"]
[Result "1-0"]
[WhiteElo "2242"]
[BlackElo "1836"]
[PlyCount "123"]
[EventDate "2012.??.??"]
[WhiteTeam "SV 1861 Liebschwitz"]
[BlackTeam "TuS Makkabi Berlin e.V."]

1. b3 e5 2. Bb2 Nc6 3. e3 Nf6 4. Bb5 Bd6 5. Na3 a6 6. Bxc6 dxc6 7. Nc4 Qe7 8.
Ne2 b5 9. Nxd6+ cxd6 10. O-O O-O 11. f4 Bb7 12. Ng3 c5 13. Qe2 Rad8 14. e4 Rfe8
15. Rae1 Qc7 16. fxe5 dxe5 17. Rxf6 gxf6 18. Nh5 Qd6 19. Qg4+ Kf8 20. Rf1 Re6
21. Qg7+ Ke7 22. Ng3 Qc6 23. Nf5+ Ke8 24. d3 c4 25. bxc4 Qc5+ 26. Kh1 Rb6 27.
Bc1 Qf8 28. Be3 Rc6 29. Qxh7 bxc4 30. Bh6 Qb4 31. Qg8+ Kd7 32. Qxf7+ Kc8 33.
Ne7+ Kb8 34. Nxc6+ Bxc6 35. Qxf6 Qd6 36. Qxd6+ Rxd6 37. Bg7 Re6 38. Rf5 cxd3
39. cxd3 Bb5 40. Bxe5+ Kb7 41. d4 Bd3 42. Rf6 Re7 43. Rg6 Re8 44. h4 Bxe4 45.
Rg7+ Kc6 46. h5 Re6 47. Kh2 Bb1 48. a3 Rh6 49. g4 Bf5 50. Kg3 Bd3 51. Kh4 Be2
52. Kg5 Re6 53. h6 Bd3 54. h7 Bxh7 55. Rxh7 Kd5 56. Kf5 Re8 57. Rd7+ Kc6 58.
Rf7 Rg8 59. g5 Kb5 60. g6 Rc8 61. g7 Rc2 62. g8=Q 1-0

[Event "11. Lichtenberger Sommer"]
[Site "Berlin"]
[Date "2012.08.19"]
[Round "2.30"]
[White "Jaeger, Andre"]
[Black "Simon, Ralf-Axel"]
[Result "0-1"]
[WhiteElo "2002"]
[BlackElo "2153"]
[PlyCount "138"]
[EventDate "2012.??.??"]
[WhiteTeam "SC Rochade e.V."]
[BlackTeam "TSG Neuruppin"]

1. d4 d5 2. c4 e6 3. Nc3 c6 4. cxd5 exd5 5. Qc2 Bg4 6. Bf4 Bh5 7. e3 Bg6 8. Bd3
Bxd3 9. Qxd3 Bd6 10. Nge2 Nf6 11. O-O O-O 12. f3 Bxf4 13. Nxf4 Nbd7 14. Rad1
Qb6 15. Rd2 Rad8 16. Kh1 Rfe8 17. g4 Nf8 18. g5 N6d7 19. h4 Qb4 20. Rg1 Nb6 21.
a3 Qc4 22. Nd1 Qxd3 23. Rxd3 Nc4 24. Re1 Nd6 25. Kh2 Nf5 26. Kh3 Ne6 27. Nxe6
Rxe6 28. Nf2 h5 29. b4 b5 30. Nd1 Rde8 31. Re2 Kh7 32. Re1 Kg6 33. Re2 Kh7 34.
Re1 Kg6 35. Re2 f6 36. gxf6 Kxf6 37. Rc2 Rd6 38. Rdc3 Ree6 39. Ra2 Kg6 40. Rg2+
Kh6 41. Rg5 g6 42. Rg2 Ne7 43. Rd2 Rd8 44. Nf2 Nf5 45. Nd1 Rde8 46. Rdd3 a6 47.
Rb3 Rf8 48. Nf2 Ne7 49. Kg3 Re8 50. Nd1 Nf5+ 51. Kh3 Rf6 52. Nf2 Nxh4 53. Kxh4
Rxf3 54. Ng4+ hxg4 55. Kxg4 Rf5 56. Rbc3 Re6 57. Rd2 Rg5+ 58. Kf3 Rf6+ 59. Ke2
Rg2+ 60. Kd3 Rxd2+ 61. Kxd2 g5 62. Rc1 g4 63. e4 dxe4 64. Ke3 Kg5 65. Kxe4 Re6+
66. Kd3 g3 67. Rc5+ Kg4 68. Re5 Rxe5 69. dxe5 g2 0-1

[Event "11. Lichtenberger Sommer"]
[Site "Berlin"]
[Date "2012.08.19"]
[Round "2.32"]
[White "Scheide, Helmut"]
[Black "Gelemerov, Yane"]
[Result "0-1"]
[WhiteElo "1998"]
[BlackElo "2033"]
[PlyCount "64"]
[EventDate "2012.??.??"]
[WhiteTeam "USV Potsdam e.V., Abt. Schach"]
[BlackTeam "Pernik"]

1. d4 Nf6 2. Nf3 d6 3. c4 Nbd7 4. Nc3 e5 5. e3 c6 6. Bd3 Be7 7. b3 Qa5 8. Bd2
Qc7 9. Rc1 O-O 10. O-O Re8 11. Qc2 Nf8 12. Ng5 h6 13. Nge4 Nxe4 14. Bxe4 Bf6
15. Ne2 Bg4 16. f3 Bd7 17. Bc3 Rad8 18. a4 Ne6 19. f4 exd4 20. exd4 c5 21. d5
Nd4 22. Nxd4 cxd4 23. Bb2 Qb6 24. Bd3 Re3 25. Rce1 Rde8 26. Kf2 Qb4 27. Re2
Rxe2+ 28. Bxe2 d3 29. Bxd3 Qc5+ 30. Kg3 Qe3+ 31. Rf3 Qe1+ 32. Qf2 Bxb2 0-1

[Event "11. Lichtenberger Sommer"]
[Site "Berlin"]
[Date "2012.08.19"]
[Round "2.33"]
[White "Höckendorf, Hartmut"]
[Black "Reiche, Henry"]
[Result "1-0"]
[WhiteElo "2185"]
[BlackElo "2004"]
[PlyCount "83"]
[EventDate "2012.??.??"]
[WhiteTeam "BSG Pneumant Fürstenwalde e.V."]
[BlackTeam "SC Zugzwang 95 e.V."]

1. e4 e6 2. d4 d5 3. Nc3 Nf6 4. e5 Nfd7 5. Nf3 Be7 6. Bf4 a6 7. h4 c5 8. dxc5
Bxc5 9. Bd3 Nc6 10. a3 b5 11. b4 Be7 12. Qe2 Bb7 13. Rb1 Rc8 14. Rb3 Qb6 15.
O-O Nd4 16. Nxd4 Qxd4 17. Qd2 Qb6 18. h5 h6 19. Re1 Qd8 20. Qe2 Bg5 21. Bh2 O-O
22. f4 Qb6+ 23. Kh1 Bh4 24. Rd1 Qf2 25. Qg4 Be7 26. Bg3 Qb6 27. Re1 Rfd8 28.
Re2 Rc4 29. Nd1 Qd4 30. Nb2 Nxe5 31. Rxe5 Qxe5 32. Bxc4 Qf6 33. Bd3 d4 34. Nd1
Bd5 35. Rb1 Bc4 36. Nf2 Bd5 37. Ne4 Bxe4 38. Bxe4 Rc8 39. Be1 Rc7 40. Bd2 Kf8
41. Bd3 Rd7 42. Be4 1-0

[Event "11. Lichtenberger Sommer"]
[Site "Berlin"]
[Date "2012.08.19"]
[Round "2.34"]
[White "Dimitrijeski, Kristian"]
[Black "Yuan, Yizheng"]
[Result "0-1"]
[WhiteElo "2165"]
[BlackElo "1895"]
[PlyCount "74"]
[EventDate "2012.??.??"]
[WhiteTeam "SK König Tegel 1949 e.V."]
[BlackTeam "Sfrd. Berlin 1903 e.V."]

1. d4 Nf6 2. c4 c5 3. d5 b5 4. cxb5 a6 5. Nc3 axb5 6. e4 b4 7. Nb5 d6 8. Bf4 g5
9. Be3 Bg7 10. f3 g4 11. Bc4 Nbd7 12. a4 bxa3 13. Rxa3 Rxa3 14. Nxa3 O-O 15.
Qc2 Nb6 16. h3 gxf3 17. Nxf3 Nh5 18. O-O f5 19. exf5 Ng3 20. Re1 Nxc4 21. Nxc4
Bxf5 22. Qf2 Ne4 23. Qh4 Nf6 24. Ng5 Qa8 25. g4 Bd3 26. Nb6 Qa7 27. Rd1 Bb5 28.
Ne6 Qxb6 29. Bh6 c4+ 30. Kh1 Bxh6 31. Qxh6 Rf7 32. g5 Qe3 33. Rf1 c3 34. Rg1
Qe4+ 35. Kh2 Qe5+ 36. Kh1 Qxd5+ 37. Kh2 Qe5+ 0-1

[Event "11. Lichtenberger Sommer"]
[Site "Berlin"]
[Date "2012.08.19"]
[Round "2.35"]
[White "Harringer, Manfred"]
[Black "Major, Vitalij"]
[Result "1/2-1/2"]
[WhiteElo "1900"]
[BlackElo "2147"]
[PlyCount "108"]
[EventDate "2012.??.??"]
[WhiteTeam "vereinslos"]
[BlackTeam "SC Zitadelle Spandau 1977 e.V."]

1. e4 c5 2. Nf3 d6 3. Nc3 Nf6 4. Bb5+ Bd7 5. a4 Nc6 6. d3 g6 7. h3 Bg7 8. Be3
O-O 9. O-O a6 10. Bc4 Rc8 11. Qd2 Na5 12. Ba2 b5 13. axb5 axb5 14. Ne2 b4 15.
Bh6 e6 16. Bxg7 Kxg7 17. e5 dxe5 18. Nxe5 Bb5 19. Rfd1 Nc6 20. Nf3 Qd6 21. Bb3
Ra8 22. Ng3 Rfd8 23. Qe3 Nd5 24. Qg5 Nf6 25. Qe3 Ne7 26. Ne4 Nxe4 27. Qxe4 Bc6
28. Qe5+ Qxe5 29. Nxe5 Bb7 30. Ba4 Rd6 31. Bb5 Rb6 32. Bc4 Rc8 33. Ra7 Nc6 34.
Nxc6 Rcxc6 35. Rda1 Kf6 36. R1a5 Ke5 37. Kf1 Kd6 38. Ke2 Rc7 39. g3 h5 40. h4
Rbc6 41. Ke3 f6 42. Bb5 Rb6 43. Be8 Rg7 44. Rb5 Rxb5 45. Bxb5 Re7 46. d4 cxd4+
47. Kxd4 e5+ 48. Ke3 Bd5 49. Ra6+ Kc5 50. Bd3 e4 51. Be2 Bc6 52. Ra5+ Kb6 53.
Ra6+ Kc5 54. Ra5+ Kb6 1/2-1/2

[Event "11. Lichtenberger Sommer"]
[Site "Berlin"]
[Date "2012.08.19"]
[Round "2.37"]
[White "Lämmel, Sebastian"]
[Black "Nötzel, Felix"]
[Result "0-1"]
[WhiteElo "1888"]
[BlackElo "2107"]
[PlyCount "118"]
[EventDate "2012.??.??"]
[WhiteTeam "SV Cranzahl 1962"]
[BlackTeam "Sfrd. Berlin 1903 e.V."]

1. e4 d5 2. exd5 Qxd5 3. Nc3 Qa5 4. d4 c6 5. Bc4 Bf5 6. Bd2 e6 7. Qe2 Nf6 8. d5
cxd5 9. Nxd5 Qd8 10. Nxf6+ Qxf6 11. O-O-O Nc6 12. Bc3 Qg6 13. h3 h5 14. Nf3 Bb4
15. Bxb4 Nxb4 16. Qd2 Qh6 17. Ng5 O-O 18. Qxb4 Qxg5+ 19. Qd2 Qf6 20. f4 b5 21.
Bb3 a5 22. g4 Be4 23. Rhe1 Bf3 24. c3 a4 25. Bc2 Bxd1 26. Bxd1 Rfd8 27. Qe3 a3
28. g5 axb2+ 29. Kb1 Qf5+ 30. Bc2 Qd5 31. Bb3 Qd2 32. g6 fxg6 33. Qxe6+ Kh8 34.
Rg1 Qxc3 35. Qxg6 Qd3+ 36. Kxb2 Qxg6 37. Rxg6 Rd3 38. Be6 Re8 39. Kc2 Rf3 40.
f5 Rxh3 41. f6 Rh2+ 42. Kb3 gxf6 43. Rxf6 Kg7 44. Rf7+ Kg6 45. Bd5 Rd2 46. Rd7
Kf6 47. Kb4 Ke5 48. Bf7 Rxd7 49. Bxe8 Rh7 50. Kxb5 h4 51. Bc6 h3 52. a4 h2 53.
Bh1 Kd6 54. Kb6 Rh4 55. a5 Rb4+ 56. Ka7 Kc7 57. a6 Rb1 58. Ka8 Rxh1 59. a7 Kb6
0-1

[Event "11. Lichtenberger Sommer"]
[Site "Berlin"]
[Date "2012.08.19"]
[Round "2.38"]
[White "Marxen, Peter"]
[Black "George, Tom"]
[Result "1/2-1/2"]
[WhiteElo "2140"]
[BlackElo "1883"]
[PlyCount "82"]
[EventDate "2012.??.??"]
[WhiteTeam "Preetzer TSV"]
[BlackTeam "SG Blau-Weiß Stadtilm"]

1. d4 Nf6 2. c4 e5 3. dxe5 Ng4 4. Bf4 Nc6 5. Nf3 Bb4+ 6. Nbd2 Qe7 7. e3 Ngxe5
8. Nxe5 Nxe5 9. Be2 d6 10. O-O O-O 11. Nb3 Ng6 12. Bg3 Be6 13. a3 Bc5 14. Nxc5
dxc5 15. Qa4 Bd7 16. Qc2 Bc6 17. Rad1 Rad8 18. Rxd8 Rxd8 19. Rd1 Re8 20. h3 Ne5
21. Qf5 g6 22. Qf4 Kg7 23. b3 f6 24. e4 Rd8 25. Rxd8 Qxd8 26. Qe3 Qd4 27. Qxd4
cxd4 28. f3 Bd7 29. Kf2 c5 30. Ke1 Kf7 31. Kd2 Ke6 32. Bd1 Bc6 33. Be2 Bd7 34.
Be1 Bc6 35. Bf1 Bd7 36. Kc2 b6 37. Kb2 Bc8 38. b4 Ba6 39. Kb3 Bc8 40. bxc5 bxc5
41. Ba5 Bd7 1/2-1/2

[Event "11. Lichtenberger Sommer"]
[Site "Berlin"]
[Date "2012.08.19"]
[Round "2.39"]
[White "Keusch, Horst"]
[Black "Neumann, Thomas"]
[Result "0-1"]
[WhiteElo "2003"]
[BlackElo "2130"]
[PlyCount "98"]
[EventDate "2012.??.??"]
[WhiteTeam "SC Friesen Lichtenberg e.V."]
[BlackTeam "SC Borussia Friedrichsfelde 1920"]

1. f4 d5 2. Nf3 Bg4 3. e3 e6 4. h3 Bh5 5. g4 Bg6 6. h4 h5 7. g5 Be4 8. d3 Bxf3
9. Qxf3 g6 10. Bd2 Bg7 11. Bc3 Bxc3+ 12. Nxc3 c5 13. O-O-O Nc6 14. d4 cxd4 15.
exd4 Nge7 16. Qf2 a6 17. Rh3 b5 18. Nb1 Qb6 19. c3 Qa5 20. b4 Qb6 21. Kb2 Nc8
22. Na3 Nd6 23. Bd3 Kd7 24. Nb1 Ra7 25. a3 a5 26. Bf1 Rha8 27. Qe3 Qa6 28. Kc1
Rc8 29. Kd2 Rac7 30. Ke1 Qa7 31. Nd2 axb4 32. axb4 Qa3 33. Nb1 Qa2 34. Qe2 Ra8
35. Rh2 Qa1 36. Qd3 Ne7 37. Nd2 Qxc3 38. Rh3 Qxd3 39. Rxd3 Rc2 40. Nf3 Nef5 41.
R3d2 Ne3 42. Rxc2 Nxc2+ 43. Kd2 Ra2 44. Ne5+ Ke7 45. Nc6+ Kf8 46. Kd3 Nc4 47.
Rc1 N2e3 48. Bh3 Rd2+ 49. Kc3 Nd1+ 0-1

[Event "11. Lichtenberger Sommer"]
[Site "Berlin"]
[Date "2012.08.19"]
[Round "2.40"]
[White "Zur, Jan"]
[Black "Schwedek, Tony"]
[Result "1-0"]
[WhiteElo "2001"]
[BlackElo "1862"]
[PlyCount "113"]
[EventDate "2012.??.??"]
[WhiteTeam "SC Zugzwang 95 e.V."]
[BlackTeam "SC Zitadelle Spandau 1977 e.V."]

1. e4 e5 2. Nf3 Nc6 3. Bb5 Nf6 4. O-O Nxe4 5. Re1 Nd6 6. Nxe5 Nxe5 7. Rxe5+ Be7
8. Ba4 O-O 9. d4 Nc4 10. Re2 d5 11. Nd2 Nxd2 12. Bxd2 c6 13. Bf4 Bg4 14. f3 Bf5
15. Qd2 Bf6 16. Rae1 Qd7 17. Qe3 h6 18. c3 Rad8 19. g4 Bg6 20. Bg3 Rde8 21.
Qxe8 Rxe8 22. Rxe8+ Kh7 23. R8e2 Qc8 24. Re8 Qd7 25. Kg2 Bd3 26. b4 b5 27. Bb3
g5 28. R8e3 Bg6 29. R1e2 Kg8 30. a4 a6 31. h3 Kf8 32. f4 Be4+ 33. Kh2 Bd8 34.
Bc2 Bxc2 35. Rxc2 Bc7 36. fxg5 Bxg3+ 37. Rxg3 hxg5 38. a5 f5 39. gxf5 Qxf5 40.
Rcg2 Qf4 41. Kh1 Qf1+ 42. Rg1 Qf5 43. Kh2 Qc2+ 44. Kh1 Qf5 45. Re1 Kf7 46. Rge3
Qf4 47. Kg2 Kg7 48. R1e2 Qf5 49. Re7+ Kg8 50. Ra7 Qg6 51. Re3 Kf8 52. Kg3 Qd6+
53. Re5 Qf6 54. Kg4 Qf4+ 55. Kh5 Qf3+ 56. Kg6 Qd3+ 57. Kf6 1-0